000 00345nam a22001457a 4500
003 OSt
008 250506b |||||||| |||| 00| 0 eng d
100 _aBHARTIYA, Dr. Bawani Lal
245 _aDayanand -Sukati- Muktawali
250 _a9th
260 _aNew Delhi
_bArya Prakashan
_c2009
300 _a84
650 _aGeneral
942 _2ddc
_cBK
999 _c13554
_d13554